İmparatorlar adası (Record no. 1886)

MARC details
000 -BAŞLIK
Sabit Uzunlukta Kontrol Alanı 00757na a2200265 4500
001 - KONTROL NUMARASI
Denetim Alanı 14555
003 - KONTROL NUMARASI IDENTIFIER
Denetim Alanı MIRAKIL
005 - SON İŞLEM TARİHİ VE ZAMANI
Denetim Alanı 20181213154838.0
008 - SABİT-BOY VERİ ELEMANLARI - GENEL BİLGİLER
Sabit Uzunlukta Kontrol Alanı 161028b tu 000 0
020 ## - ULUSLARARASI STANDART KİTAP NUMARASI
Uluslararası Standart Kitap Numarası 9786055416263
035 ## - SİSTEM KONTROL NUMARASI
Sistem Kontrol Numarası 14555
040 ## - KATALOGLAMA KAYNAK
Orijinal Kataloglama Ajansı Milas
Kataloglama Dili tur
Metne Dönüştürmek Ajansı TR-AnCHP
041 ## - DİL KODU
Metin / Ses Parça Veya Ayrı Başlığın Dil Kodu tur
082 ## - DEWEY ONLU SINIFLANDIRMA NUMARASI
Sınıflandırma Numarası 813.42
Ürün Numarası A44i 2011
090 ## - SINIFLAMA NUMARASI
Sınıflama Numarası 813.42 A44i 2011
100 ## - ANA GİRİŞ - KİŞİSEL İSİM
Kişisel Ad Akın, İbrahim
245 ## - BAŞLIK TABLOSU
Başlık İmparatorlar adası
246 ## - UNVAN FORM VARYING
Başlık Doğru / Kısa Başlığı Atatürk ve arkadaşları Hitler'e karşı
260 ## - YAYIN, DAĞITIM, VB
Yayın, Dağıtım, Vb Yeri İstanbul
Yayıncı, Dağıtıcı, Vs Adı Truva yayınları
Yayın, Dağıtım, Vb Tarihi 2011
300 ## - FİZİKSEL TANIM
Kapsam 272 s.
Boyutlar 21 sm.
490 ## - SERİSİ TABLOSU
Seri Beyanı Türk edebiyatı
Hacim / Ardışık Tanımı 81
500 ## - GENEL NOT
Genel Not Dış kapakta yapıt adı başında: Atatürk ve arkadaşları Hitler'e karşı
650 ## - KONU KATMA GİRİŞ - TOPİKAL DÖNEM
Topikal Süreli Veya Coğrafi Ad Giriş Elemanı Türk edebiyatı
Genel Alt Bölümü Roman
942 ## - EKLENDİ GİRİŞ ELEMANLARI (KOHA)
Sınıflandırma Veya Raf Düzeni Kaynak
Koha Öğesi Türü Books
999 ## - SİSTEM KONTROL NUMARALARI (KOHA)
Koha Biblionumber 1886
Koha Biblioitemnumber 1886
Holdings
Kalıcı Konum Mevcut Konum Edinme Tarihi Edinim Kaynak Toplam Check-Out'Lar Tam Çağrı Numarası Barkod Tarih Son Görülme İtibaren Geçerli Fiyatlar Koha Öğesi Türü
CHP Kütüphanesi CHP Kütüphanesi 08/29/2016 Bağış   813.42 A44i 2011 002802 08/29/2016 08/29/2016 Books